Online Catalogue and eLibrary

Civil Society : (Record no. 2080)

MARC details
000 -LEADER
fixed length control field 00232nam a2200097Ia 4500
008 - FIXED-LENGTH DATA ELEMENTS--GENERAL INFORMATION
fixed length control field 240331s9999 xx 000 0 und d
082 ## - DDC Classification
Item Number - Author Mark CIV
100 ## - MAIN ENTRY--PERSONAL NAME
Personal name Hann, C. ed
245 #0 - TITLE STATEMENT
Title Civil Society :
Remainder of title challenging western models
942 ## - Koha item type (Biblio)
Koha item type Books in Stacks (Lending)

No items available.

© WERC Library